[Event "Copenhagen AS04 Centenary"]
[Site "Copenhagen"]
[Date "2004.02.11"]
[Round "5"]
[White "Lonborg, Morten"]
[Black "Costello, Colin"]
[Result "1-0"]
[WhiteElo "2190"]
[BlackElo "2041"]
[PlyCount "111"]
[EventDate "2004.02.07"]
[EventType "swiss"]
[EventRounds "9"]
[EventCountry "DEN"]
[SourceTitle "CBM 098 Extra"]
[Source "ChessBase"]
[SourceDate "2004.03.10"]
[SourceVersion "2"]
[SourceVersionDate "2004.03.10"]
[SourceQuality "1"]

1. d4 d5 2. c4 e6 3. Nc3 Nf6 4. cxd5 exd5 5. Bg5 Be7 6. e3 0-0 7. Qc2 Nbd7 8. Nf3 Re8 9. Bd3 Nf8 10. 0-0 c6 11. Rab1 Ne4 12. Bxe7 Qxe7 13. b4 a6 14. a4 Ng6 15. Nd2 f5 16. Rb3 Be6 17. Ne2 Bf7 18. b5 axb5 19. axb5 Nh4 20. bxc6 Qg5 21. Ng3 bxc6 22. Nf3 Nxf3+ 23. gxf3 c5 24. fxe4 c4 25. Bxc4 dxc4 26. Rb5 Qg4 27. Rxf5 h5 28. f3 Qh3 29. Ne2 c3 30. d5 Ra6 31. Nf4 Qh4 32. Qxc3 Ra2 33. Ng2 Qh3 34. Rg5 g6 35. Rg3 Qd7 36. Nf4 h4 37. Rg2 Rc8 38. Qxc8+ Qxc8 39. Rxa2 g5 40. Rg2 Kf8 41. Rxg5 Qc3 42. Kf2 h3 43. Re1 Qf6 44. Rg3 Qh4 45. Ke2 Be8 46. Rb1 Ke7 47. Ng6+ Bxg6 48. Rxg6 Kf7 49. Ra6 Qe7 50. d6 Qd7 51. Rbb6 Ke6 52. Ra2 Qc8 53. Rd2 Qc4+ 54. Kf2 Kd7 55. Rb7+ Kd8 56. d7 1-0

[Event "Copenhagen AS04 Centenary"]
[Site "Copenhagen"]
[Date "2004.02.08"]
[Round "2"]
[White "Larsen, Knud Albert"]
[Black "Lonborg, Morten"]
[Result "1/2-1/2"]
[WhiteElo "1960"]
[BlackElo "2190"]
[PlyCount "95"]
[EventDate "2004.02.07"]
[EventType "swiss"]
[EventRounds "9"]
[EventCountry "DEN"]
[SourceTitle "CBM 098 Extra"]
[Source "ChessBase"]
[SourceDate "2004.03.10"]
[SourceVersion "2"]
[SourceVersionDate "2004.03.10"]
[SourceQuality "1"]

1. e4 c5 2. Nf3 e6 3. c3 Nf6 4. e5 Nd5 5. d4 cxd4 6. cxd4 b6 7. Nc3 Nxc3 8. bxc3 Qc7 9. Bd2 Bb7 10. Bd3 d6 11. 0-0 Nd7 12. Re1 Rd8 13. Ng5 Be7 14. exd6 Qxd6 15. Rxe6 Qxe6 16. Nxe6 fxe6 17. Qg4 Kf7 18. Re1 Nf8 19. Bg5 Bf6 20. Bc4 Bd5 21. Bxd5 Rxd5 22. Bxf6 gxf6 23. c4 Ra5 24. Qe2 Rg8 25. d5 e5 26. f4 Ng6 27. fxe5 Nxe5 28. Rf1 Kg7 29. Qf2 Rf8 30. Qg3+ Kh8 31. Qxe5 fxe5 32. Rxf8+ Kg7 33. Re8 Rxa2 34. Rxe5 Kf7 35. Re6 Rc2 36. Rc6 Ke8 37. h4 a5 38. Rxb6 Rxc4 39. g3 Rc2 40. Ra6 Ra2 41. h5 a4 42. g4 Rd2 43. Rxa4 Rxd5 44. Rf4 Ke7 45. Kg2 Rd3 46. Rf3 Rxf3 47. Kxf3 h6 48. Ke4 1/2-1/2

[Event "Politiken Cup 25th"]
[Site "Copenhagen"]
[Date "2003.07.23"]
[Round "9"]
[White "Greger, Roland Reinhard"]
[Black "Lonborg, Morten"]
[Result "1/2-1/2"]
[WhiteElo "2342"]
[BlackElo "2185"]
[PlyCount "26"]
[EventDate "2003.07.14"]
[EventType "swiss"]
[EventRounds "11"]
[EventCountry "DEN"]
[SourceTitle "CBM 095 Extra"]
[Source "ChessBase"]
[SourceDate "2003.09.04"]
[SourceVersion "1"]
[SourceVersionDate "2003.09.04"]
[SourceQuality "1"]

1. e4 c5 2. Nf3 d6 3. d4 cxd4 4. Nxd4 Nf6 5. Nc3 a6 6. a4 e5 7. Nf3 Qc7 8. Bg5 Nbd7 9. Bd3 Be7 10. 0-0 h6 11. Be3 Nb6 12. Nd2 Be6 13. a5 Nbd7 1/2-1/2

[Event "Politiken Cup 25th"]
[Site "Copenhagen"]
[Date "2003.07.19"]
[Round "6"]
[White "Lonborg, Morten"]
[Black "Hjelm, Niclas"]
[Result "0-1"]
[WhiteElo "2185"]
[BlackElo "2331"]
[PlyCount "82"]
[EventDate "2003.07.14"]
[EventType "swiss"]
[EventRounds "11"]
[EventCountry "DEN"]
[SourceTitle "CBM 095 Extra"]
[Source "ChessBase"]
[SourceDate "2003.09.04"]
[SourceVersion "1"]
[SourceVersionDate "2003.09.04"]
[SourceQuality "1"]

1. d4 Nf6 2. c4 e6 3. Nf3 b6 4. g3 Ba6 5. b3 b5 6. cxb5 Bxb5 7. Bg2 d5 8. Qc2 Bd6 9. h3 0-0 10. 0-0 Nbd7 11. Nc3 Ba6 12. Na4 Qe7 13. Be3 Ne4 14. Rfd1 Rac8 15. Ne5 Nxe5 16. dxe5 Bxe5 17. Rac1 f5 18. Bxa7 Bb5 19. Nc5 Bd6 20. e3 Ra8 21. Nxe4 fxe4 22. Bc5 Bd3 23. Bxd6 Qxd6 24. Qb2 c5 25. Bf1 Bxf1 26. Rxf1 d4 27. Qd2 Rf3 28. Rc4 Raf8 29. b4 Qa6 30. Qc2 dxe3 31. Qxe4 Rxf2 32. Rxf2 exf2+ 33. Kf1 cxb4 34. Qe2 Qd6 35. Rf4 Rxf4 36. gxf4 Qxf4 37. Qxe6+ Qf7 38. Qc8+ Qf8 39. Qxf8+ Kxf8 40. Kxf2 g5 41. Kf3 Kf7 0-1

[Event "Politiken Cup 25th"]
[Site "Copenhagen"]
[Date "2003.07.16"]
[Round "3"]
[White "Mortensen, Henrik"]
[Black "Lonborg, Morten"]
[Result "0-1"]
[WhiteElo "2027"]
[BlackElo "2185"]
[PlyCount "72"]
[EventDate "2003.07.14"]
[EventType "swiss"]
[EventRounds "11"]
[EventCountry "DEN"]
[SourceTitle "CBM 095 Extra"]
[Source "ChessBase"]
[SourceDate "2003.09.04"]
[SourceVersion "1"]
[SourceVersionDate "2003.09.04"]
[SourceQuality "1"]

1. e4 c5 2. Ne2 d6 3. c4 Nf6 4. Nbc3 e6 5. d4 cxd4 6. Nxd4 a6 7. Be2 Be7 8. 0-0 0-0 9. Be3 b6 10. Qd2 Bb7 11. f3 Nbd7 12. Rfd1 Rc8 13. Rac1 Qc7 14. b3 Rfd8 15. Bf1 Qb8 16. Qe2 Re8 17. Bf2 Bf8 18. Qb2 Rcd8 19. Bg3 Qa8 20. Nc2 d5 21. cxd5 exd5 22. Nxd5 Nxd5 23. exd5 Bxd5 24. Nd4 b5 25. Ne2 Bc5+ 26. Bf2 Bxf2+ 27. Kxf2 Ne5 28. Nf4 Bb7 29. Rxd8 Qxd8 30. Qc3 Qh4+ 31. g3 Qxh2+ 32. Bg2 Qh6 33. Qc7 Nd3+ 34. Nxd3 Qe3+ 35. Kf1 Qxd3+ 36. Kg1 Bxf3 0-1

[Event "Politiken Cup 24th"]
[Site "Copenhagen"]
[Date "2002.07.18"]
[Round "4"]
[White "Hanley, Craig"]
[Black "Lonborg, Morten"]
[Result "1-0"]
[WhiteElo "2331"]
[BlackElo "2152"]
[PlyCount "69"]
[EventDate "2002.07.15"]
[EventType "swiss"]
[EventRounds "11"]
[EventCountry "DEN"]
[SourceTitle "CBM 089 Extra"]
[Source "ChessBase"]
[SourceDate "2002.09.10"]
[SourceVersion "2"]
[SourceVersionDate "2002.09.10"]
[SourceQuality "1"]

1. c4 Nf6 2. g3 c5 3. Bg2 e6 4. Nf3 a6 5. d4 cxd4 6. Nxd4 Qc7 7. b3 Bb4+ 8. Bd2 Be7 9. 0-0 0-0 10. Nc3 d6 11. e4 Nbd7 12. Rc1 Rb8 13. g4 h6 14. f4 Nh7 15. Be3 b6 16. Rf3 Bb7 17. Rh3 Rfe8 18. Qe1 Bf6 19. Qg3 Qd8 20. Rh5 Bxd4 21. Bxd4 e5 22. fxe5 dxe5 23. Be3 Qe7 24. Nd5 Bxd5 25. exd5 Nc5 26. Rf1 f6 27. h4 Rf8 28. b4 Nd7 29. Be4 Qxb4 30. Bf5 Nc5 31. Bxh6 gxh6 32. Rxh6 Rb7 33. g5 fxg5 34. Qxe5 Rxf5 35. Rg6+ 1-0

[Event "Aarhus Summer cand"]
[Site "Aarhus"]
[Date "2002.07.13"]
[Round "9"]
[White "Hagen, Andreas Skytte"]
[Black "Lonborg, Morten"]
[Result "1/2-1/2"]
[WhiteElo "2185"]
[BlackElo "2152"]
[PlyCount "42"]
[EventDate "2002.07.05"]
[EventType "tourn"]
[EventRounds "9"]
[EventCountry "DEN"]
[SourceTitle "EXT 2004"]
[Source "ChessBase"]
[SourceDate "2003.11.25"]
[SourceVersion "1"]
[SourceVersionDate "2003.11.25"]
[SourceQuality "1"]

1. e4 Nc6 2. Nc3 Nf6 3. d4 e5 4. Nf3 exd4 5. Nxd4 Bc5 6. Be3 Nxd4 7. Bxd4 Qe7 8. Bc4 0-0 9. 0-0 Bxd4 10. Qxd4 d6 11. f4 Be6 12. Bxe6 Qxe6 13. Nd5 Nxd5 14. exd5 Qf5 15. Qc4 Rac8 16. Rad1 c6 17. Qd3 Qxd5 18. Qxd5 cxd5 19. c3 Rfe8 20. Rxd5 Re2 21. Rf2 Re1+ 1/2-1/2

[Event "Aarhus Summer cand"]
[Site "Aarhus"]
[Date "2002.07.10"]
[Round "6"]
[White "Jacobsen, Bo"]
[Black "Lonborg, Morten"]
[Result "0-1"]
[WhiteElo "2260"]
[BlackElo "2152"]
[PlyCount "88"]
[EventDate "2002.07.05"]
[EventType "tourn"]
[EventRounds "9"]
[EventCountry "DEN"]
[SourceTitle "EXT 2004"]
[Source "ChessBase"]
[SourceDate "2003.11.25"]
[SourceVersion "1"]
[SourceVersionDate "2003.11.25"]
[SourceQuality "1"]

1. g3 e5 2. c4 Nf6 3. Nc3 Nc6 4. Bg2 Bc5 5. e3 0-0 6. a3 a6 7. Nge2 Re8 8. 0-0 Ba7 9. h3 d6 10. Qc2 Ne7 11. b4 c6 12. d4 Be6 13. dxe5 dxe5 14. c5 Qc7 15. e4 a5 16. Na4 axb4 17. axb4 b6 18. Be3 bxc5 19. bxc5 Rab8 20. Ra3 Rb4 21. Rfa1 Nd7 22. Bf1 f5 23. Nb6 Bb8 24. Bg2 Nf6 25. Nc3 f4 26. Bd2 fxg3 27. fxg3 Rd8 28. Be1 Ng6 29. Nb1 Rbd4 30. Nd2 h5 31. Nf3 h4 32. Nxd4 exd4 33. Rd1 Nh5 34. Nc4 hxg3 35. Ba5 Qe7 36. Bxd8 Qxd8 37. Ra8 Kh7 38. Qb2 Qh4 39. Rxb8 Bxc4 40. Rxd4 Be6 41. Rd6 Nhf4 42. Rb7 Qh6 43. Qd2 Bxh3 44. Bf3 Qg5 0-1

[Event "Aktiv Alliancen op"]
[Site "Taastrup"]
[Date "1999.02.08"]
[Round "3"]
[White "Lonborg, Morten"]
[Black "Hansen, Lars"]
[Result "1-0"]
[WhiteElo "2132"]
[BlackElo "2227"]
[PlyCount "53"]
[EventDate "1999.02.??"]
[EventType "swiss"]
[EventRounds "7"]
[EventCountry "DEN"]
[SourceTitle "EXT 2000"]
[Source "ChessBase"]
[SourceDate "1999.11.16"]
[SourceVersion "1"]
[SourceVersionDate "1999.11.16"]
[SourceQuality "1"]

1. e4 d6 2. d4 Nf6 3. Nc3 g6 4. Nge2 Bg7 5. g3 0-0 6. Bg2 e5 7. 0-0 Nc6 8. dxe5 Nxe5 9. Nf4 Bg4 10. f3 Bd7 11. Qe2 Kh8 12. Be3 a6 13. a4 Nc6 14. Rad1 Ne7 15. Qd3 Nc6 16. b3 h6 17. Qd2 Kh7 18. Nce2 Ne5 19. c4 b6 20. a5 g5 21. Nd3 Nxd3 22. Qxd3 Ne8 23. e5+ Kg8 24. exd6 Nxd6 25. axb6 Bf5 26. bxc7 Bxd3 27. cxd8Q 1-0

[Event "Australian op"]
[Site "Suncoast"]
[Date "1999.01.09"]
[Round "7"]
[White "Depasquale, Chris"]
[Black "Lonborg, Morten"]
[Result "1/2-1/2"]
[WhiteElo "2305"]
[BlackElo "2130"]
[PlyCount "96"]
[EventDate "1999.01.??"]
[EventType "swiss"]
[EventRounds "11"]
[EventCountry "AUS"]
[SourceTitle "CBM 068 Extra"]
[Source "ChessBase"]
[SourceDate "1999.03.01"]
[SourceVersion "1"]
[SourceVersionDate "1999.03.01"]
[SourceQuality "1"]

1. e4 c5 2. c4 d6 3. Nc3 Nf6 4. g3 b6 5. Bg2 Bb7 6. d3 e6 7. Nh3 Be7 8. 0-0 Nc6 9. f4 Qd7 10. a3 0-0-0 11. b4 Nd4 12. Be3 Kb8 13. a4 Nc6 14. a5 cxb4 15. Nb5 bxa5 16. Ng5 Rhf8 17. e5 Ne8 18. Bxc6 Qxc6 19. Bxa7+ Kc8 20. Nf3 dxe5 21. Rxa5 Nc7 22. fxe5 f6 23. Bd4 Nxb5 24. cxb5 Qd5 25. Qa1 Kd7 26. b6 Qc6 27. exf6 Bxf6 28. Bxf6 gxf6 29. Qd4+ Ke7 30. Qxb4+ Qd6 31. Rc5 Rc8 32. Rfc1 Rxc5 33. Rxc5 Rc8 34. Rc7+ Rxc7 35. Qxd6+ Kxd6 36. bxc7 Kxc7 37. Nd2 Kd6 38. Kf2 Bd5 39. Ke3 Bc6 40. Kd4 Bd5 41. Ke3 Bc6 42. Kd4 Bd5 43. Ke3 Bc6 44. Nb3 Bd5 45. Nd4 Bb7 46. Ne2 Bc6 47. Nf4 Ke7 48. Nh3 Kf7 1/2-1/2